header

Behind the walls (Record no. 47068)

MARC details
000 -LEADER
fixed length control field 01969nam a22003854a 4500
082 04 - DEWEY DECIMAL CLASSIFICATION NUMBER
Classification number 365/.6/09764
100 1# - MAIN ENTRY--AUTHOR NAME
Personal name Renaud, Jorge Antonio,
245 10 - TITLE STATEMENT
Title Behind the walls
250 ## - EDITION STATEMENT
Edition statement 1st ed.
260 ## - PUBLICATION, DISTRIBUTION, ETC. (IMPRINT)
Place of publication Denton, Tex. :
Name of publisher University of North Texas Press,
Year of publication c2002.
300 ## - PHYSICAL DESCRIPTION
Number of Pages xxii, 218 p. :
Other physical details ill.
490 1# - SERIES STATEMENT
Series statement North Texas crime and criminal justice series ;
500 ## - GENERAL NOTE
General note Includes index.
505 0# - FORMATTED CONTENTS NOTE
Formatted contents note A short history of Texas prisons -- Diagnostic -- Living quarters -- Food -- Clothing -- Work -- Administrative segregation -- Medical/dental -- Recreation -- Money -- Mail -- Visits and phone calls -- Religion -- Law Libaries/libraries -- Craft shop -- Substance abuse -- Education -- Discipline -- Lockdowns -- Drugs -- Racism, gangs and violence -- Parole and good-time -- Emergencies -- The ECHO -- Helping convicts stay out of prison.
650 #0 - SUBJECT ADDED ENTRY--TOPICAL TERM
Topical Term Prisons
Topical Term Prison administration
Topical Term Prisoners
856 40 - ELECTRONIC LOCATION AND ACCESS
Uniform Resource Identifier http://site.ebrary.com/lib/rucke/Doc?id=10062669

No items available.

© 2026 Rongo University
Contact us: librarian | system librarian | Rongo university